Goleador de cada seleccion- Mundial 1974 - Estadísticas

Estadísticas generales
  • Esta prueba ha sido intentada 13 veces
  • La puntuación promedio es 8 de 17
Estadísticas de respuestas
Seleccion Jugador G % Correcto
Alemania Gerd Muller 4
100%
Polonia Grzegorz Lato 7
80%
Haiti Emmanuel Sanon 2
60%
Bulgaria Hristo Bonev 1
60%
Paises Bajos Johan Neeskens 5
60%
Suecia Ralf Edstrom 4
60%
Argentina Rene Houseman 3
60%
Brasil Roberto Rivelino 3
60%
Italia Fabio Capello 1
40%
Italia Gianni Rivera 1
40%
Alemania Oriental Joachim Streich 2
40%
Italia Pietro Anastasi 1
40%
Italia Romeo Benetti 1
40%
Yugoslavia Dusan Bajevic 3
20%
Escocia Joe Jordan 2
20%
Uruguay Ricardo Pavoni 1
20%
Chile Sergio Ahumada 1
20%
No se encontraron pruebas coincidentes
Distribución de puntuación
Porcentaje de gente con cada puntuación
Porcentaje por número respondido
Historial de tus puntuaciones
No has intentado esta prueba.